Filmografia di Carlo Verdone - Statistics

Statistiche generali
  • Questo quiz è stato fatto 40 volte
  • Il punteggio medio è 12 su 27
Statistiche sulle risposte
con Immagini Risposta % Corretto
Bianco, rosso e Verdone
97%
Borotalco
86%
Viaggi di nozze
74%
Un sacco bello
69%
Acqua e sapone
66%
Compagni di scuola
66%
Gallo cedrone
57%
I due carabinieri
57%
Maledetto il giorno che t'ho incontrato
57%
Sono pazzo di Iris Blond
51%
Io, loro e Lara
49%
C'era un cinese in coma
46%
Grande, grosso e... Verdone
46%
Troppo forte
46%
Il bambino e il poliziotto
34%
Stasera a casa di Alice
34%
Il mio miglior nemico
31%
Al lupo al lupo
29%
Io e mia sorella
29%
Benedetta follia
26%
L'amore è eterno finché dura
26%
Perdiamoci di vista
26%
Ma che colpa abbiamo noi
20%
Posti in piedi in paradiso
17%
Si vive una volta sola
17%
Sotto una buona stella
17%
L'abbiamo fatta grossa
11%
Nessun quiz corrispondente trovato
Distribuzione punteggi
Percentuale di utenti per punteggio
Percentile per numero di risposta
I tuoi punteggi nel tempo
Non hai fatto questo quiz